[Event "Indywidualne Mistrzostwa Polski Mlodzikow do lat 10 - Chlopcy"]
[Site "Szklarska Poreba"]
[Date "1899-12-30"]
[Round "2.3"]
[White "Grobelny, Mikolaj"]
[Black "Bartodziej, Bartosz"]
[Result "0-1"]
[WhiteTitle "II+"]
[BlackTitle "II+"]
[WhiteElo "1177"]
[BlackElo "1539"]

1. e4 c5 2. Nf3 e6 3. c4 Nc6 4. Be2 Nf6 5. Nc3 d5 6. cxd5 exd5 7. exd5 Nxd5 8.
O-O Be7 9. Bb5 O-O 10. Bxc6 bxc6 11. d4 Bg4 12. dxc5 Nxc3 13. bxc3 Qxd1 14. Rxd1
Bxf3 15. gxf3 Bxc5 16. Be3 Bb6 17. a4 Rfe8 18. Bf4 Re2 19. Bg3 Rc2 20. Rac1 Ra2
21. Ra1 Rxa1 22. Rxa1 Rd8 23. Re1 f6 24. Re6 c5 25. Rd6 Re8 26. Kf1 Re7 27. Rd1
Ba5 28. Rd5 Bxc3 29. Rxc5 Re1+ 30. Kg2 Bd4 31. Rd5 Bc3 32. Rc5 Bb4 33. Rb5 Bc3
34. Rc5 Ba1 35. Bd6 Bd4 36. Rd5 Be5 37. Bxe5 Rxe5 38. Rd7 Ra5 39. Rd4 Kf7 40.
Kf1 Re5 41. Rd7+ Re7 42. Rd4 f5 43. Kg2 Kf6 44. h3 Ke5 45. Rb4 Kf6 46. a5 h5 47.
Rb5 Re5 48. Rxe5 Kxe5 49. Kg3 h4+ 50. Kh2 Kf4 51. Kg2 a6 52. Kg1 Kxf3 53. Kf1
f4 54. Kg1 Ke2 55. Kg2 f3+ 56. Kg1 g6 57. Kh1 Kxf2 58. Kh2 Ke2 59. Kh1 f2 60.
Kh2 g5 61. Kg2 f1=Q+ 62. Kh2 g4 63. hxg4 Qf2+ 64. Kh1 h3 65. g5 Qg2# 0-1

[Event "Indywidualne Mistrzostwa Polski Mlodzikow do lat 10 - Chlopcy"]
[Site "Szklarska Poreba"]
[Date "1899-12-30"]
[Round "2.4"]
[White "Olszewski, Antoni"]
[Black "Kubik, Bartosz"]
[Result "1/2-1/2"]
[WhiteTitle "II"]
[BlackTitle "II"]
[WhiteElo "1514"]
[BlackElo "1148"]

1. e4 e5 2. Nf3 Nc6 3. Bb5 Nf6 4. O-O Nxe4 5. Re1 Nf6 6. Bxc6 dxc6 7. Nxe5 Be6
8. d4 Nd7 9. Nxd7 Qxd7 10. Be3 Be7 11. Nd2 O-O 12. Nf3 f6 13. Qd2 Bg4 14. Qe2
Rae8 15. h3 Bh5 16. Qc4+ Bf7 17. Qc3 Bd5 18. Bd2 Bd6 19. Rxe8 Rxe8 20. Re1 Rxe1+
21. Bxe1 Qe7 22. Kf1 Kf7 23. b3 Qe6 24. Qe3 Qxe3 25. fxe3 c5 26. c4 Be4 27. Nd2
Bd3+ 28. Kf2 cxd4 29. exd4 Bf4 30. c5 Ke6 31. Kf3 1/2-1/2

[Event "Indywidualne Mistrzostwa Polski Mlodzikow do lat 10 - Chlopcy"]
[Site "Szklarska Poreba"]
[Date "1899-12-30"]
[Round "2.5"]
[White "Sowinski, Pawel"]
[Black "Sienicki, Oliwier"]
[Result "1-0"]
[WhiteTitle "I"]
[BlackTitle "II"]
[WhiteElo "1427"]
[BlackElo "1135"]

1. e4 c5 2. Nf3 Nc6 3. c3 g6 4. d4 d6 5. dxc5 dxc5 6. Qxd8+ Nxd8 7. Na3 a6 8. Be3
b6 9. Rd1 Bg7 10. Nc4 Rb8 11. Bf4 Rb7 12. Ne3 Ne6 13. Bg3 Nf6 14. Bxa6 Nxe4 15.
Bxb7 Nxg3 16. Bxc8 Nxh1 17. Bd7+ Kf8 18. Bxe6 fxe6 19. Ke2 Nxf2 20. Kxf2 Kf7 21.
Ng4 Ra8 22. Ng5+ Kg8 23. a3 h5 24. Ne3 Rf8+ 25. Ke2 e5 26. Ne6 Rf6 27. Rd8+ Kh7
28. Nxg7 Kxg7 29. Nd5 Re6 30. Ke3 Kf7 31. Ke4 g5 32. Rd7 Kg6 33. Rxe7 Rxe7 34.
Nxe7+ Kf6 35. Nd5+ Ke6 36. Nxb6 Kf6 37. Nd7+ Ke6 38. Nxc5+ Kd6 39. b4 g4 40. c4
h4 41. g3 h3 42. a4 Kc6 43. Kxe5 Kc7 44. Ke6 Kc6 45. a5 Kc7 46. b5 Kc8 47. a6
Kb8 48. Kd7 Ka7 49. Kc6 Kb8 50. b6 Ka8 51. b7+ Ka7 52. Nd7 Kxa6 53. b8=Q Ka5 54.
Qb5# 1-0

[Event "Indywidualne Mistrzostwa Polski Mlodzikow do lat 10 - Chlopcy"]
[Site "Szklarska Poreba"]
[Date "1899-12-30"]
[Round "2.6"]
[White "Glaz, Michal"]
[Black "Uhryn, Mateusz"]
[Result "1-0"]
[WhiteTitle "II"]
[BlackTitle "II"]
[WhiteElo "1174"]
[BlackElo "1410"]

1. e4 c5 2. Nf3 Nc6 3. d4 cxd4 4. Nxd4 e5 5. Nb3 Nf6 6. Nc3 Bb4 7. Bd3 d5 8. exd5
Nxd5 9. Bd2 O-O 10. O-O f5 11. Nxd5 Bxd2 12. Nxd2 e4 13. Be2 Kh8 14. Nc3 Qg5 15.
Nb3 b6 16. Qd6 Bb7 17. Qg3 Qe7 18. Nd5 Qd8 19. Rad1 f4 20. Nxf4 Qf6 21. Nh5 Qxb2
22. Rd7 Bc8 23. Rxg7 Be6 24. Qc7 Rac8 25. Rxh7+ Kg8 26. Qg7+ Qxg7 27. Rxg7+ Kh8
28. Rd1 Rcd8 29. Rxd8 Rxd8 30. h3 Rd5 31. Rg6 Bf7 32. Rxc6 Bxh5 33. Rh6+ Kg7 34.
Rxh5 Rd6 35. Re5 Rc6 36. Rxe4 Rxc2 37. Rg4+ Kf6 38. Rg6+ Kxg6 39. Bd3+ Kf6 40.
Bxc2 a5 41. g4 a4 42. Nd2 b5 43. Ne4+ Ke5 44. Nc3 b4 45. Nxa4 b3 46. Bxb3 Kd4
47. g5 Kd3 48. g6 Kd2 49. g7 Kc1 50. g8=Q Kb1 51. Bc2+ Kc1 52. Qb3 Kd2 53. Qd3+
Ke1 54. Qd1# 1-0

[Event "Indywidualne Mistrzostwa Polski Mlodzikow do lat 10 - Chlopcy"]
[Site "Szklarska Poreba"]
[Date "1899-12-30"]
[Round "2.7"]
[White "Suska, Szymon"]
[Black "Hryniewicz, Maciej"]
[Result "0-1"]
[WhiteTitle "II"]
[BlackTitle "II"]
[WhiteElo "1362"]
[BlackElo "1133"]

1. e4 e5 2. Nc3 Nf6 3. Bc4 Nxe4 4. Qh5 Nd6 5. Qxe5+ Qe7 6. Qxe7+ Bxe7 7. Bb3 c6
8. d4 Nf5 9. d5 d6 10. Nf3 Bf6 11. Ne4 Be5 12. Nxe5 dxe5 13. c3 a5 14. dxc6 Nxc6
15. g4 a4 16. Bxf7+ Kxf7 17. gxf5 Ne7 18. Nd6+ Kf6 19. Nxc8 Raxc8 20. Rg1 Nxf5
21. Bg5+ Ke6 22. O-O-O a3 23. f4 h6 24. Bh4 Nxh4 25. Rxg7 axb2+ 26. Kxb2 exf4
27. Rg4 Nf5 28. Rxf4 Rhd8 29. Rg1 Rd2+ 30. Kb3 Rxh2 31. Rg6+ Ke5 32. Rb4 Ne7 33.
Rg1 Nd5 34. Rc4 Rb2+ 35. Kxb2 Rxc4 36. Rh1 Rc6 37. Rh5+ Ke4 38. Rh4+ Kf3 39. c4
Nb6 40. c5 Nd7 41. Rb4 Nxc5 42. Rh4 Nd3+ 43. Kb3 Nc1+ 44. Kb2 b6 45. a4 Nd3+ 46.
Kb3 Ne5 47. Kb4 Rc4+ 48. Rxc4 Nxc4 49. Kxc4 h5 50. Kb5 h4 51. Kxb6 h3 52. a5 h2
53. Kb7 h1=Q 54. a6 Ke3+ 55. Kb8 Qb1+ 56. Ka8 Qe4+ 57. Kb8 Qe5+ 58. Kb7 Qe7+ 59.
Kb8 Qd6+ 60. Kb7 Qd7+ 61. Kb8 Qb5+ 62. Kc7 Qxa6 63. Kd7 Qf6 64. Kc7 Qe6 65. Kb7
Kd4 66. Kc7 Kc5 67. Kb7 Qc6+ 68. Kb8 Qd7 69. Ka8 Kc6 70. Kb8 Qc7+ 71. Ka8 Qb7#
0-1

[Event "Indywidualne Mistrzostwa Polski Mlodzikow do lat 10 - Chlopcy"]
[Site "Szklarska Poreba"]
[Date "1899-12-30"]
[Round "2.8"]
[White "Kwapisz, Piotr"]
[Black "Oglaza, Dawid"]
[Result "0-1"]
[WhiteTitle "II"]
[BlackTitle "II"]
[WhiteElo "1326"]
[BlackElo "1124"]

1. e4 e5 2. Nf3 Nc6 3. c3 d5 4. Qa4 Qd6 5. Bb5 Bd7 6. d4 exd4 7. exd5 Qxd5 8. Bxc6
Bxc6 9. Qxd4 Qe6+ 10. Qe3 Qxe3+ 11. Bxe3 Bxf3 12. gxf3 O-O-O 13. Nd2 Bd6 14. O-O-O
Ne7 15. Ne4 Nf5 16. Nxd6+ Rxd6 17. Rxd6 Nxd6 18. Rg1 g6 19. Bd4 Re8 20. Kd2 Nc4+
21. Kc1 Re2 22. b3 Rxa2 23. Re1 Ra1+ 24. Kc2 Rxe1 25. bxc4 Rg1 26. Be5 Rg2 27.
Bg3 h5 28. h4 Rg1 29. Kb3 Kd7 30. Kb4 Rb1+ 31. Kc5 Rb6 32. Be5 a5 33. Kd5 a4 34.
c5 Ra6 35. c4 a3 36. Ba1 a2 37. Ke4 Ra4 38. Kd4 Ra3 39. Ke4 Rb3 40. Be5 Rb1 41.
f4 a1=Q 42. Bxa1 Rxa1 43. Ke3 Rh1 0-1

[Event "Indywidualne Mistrzostwa Polski Mlodzikow do lat 10 - Chlopcy"]
[Site "Szklarska Poreba"]
[Date "1899-12-30"]
[Round "2.9"]
[White "Dietrich, Pawel"]
[Black "Wojtacha, Krzysztof"]
[Result "1/2-1/2"]
[WhiteTitle "II"]
[BlackTitle "II"]
[WhiteElo "1150"]
[BlackElo "1280"]

1. e4 c5 2. Nf3 e6 3. d4 cxd4 4. Nxd4 a6 5. Bd3 Qc7 6. O-O Nf6 7. Qe2 d6 8. c4
Nc6 9. Nxc6 bxc6 10. Nc3 Be7 11. Kh1 O-O 12. f4 Bb7 13. b3 d5 14. Bb2 Rfd8 15.
Rac1 Qb8 16. exd5 cxd5 17. cxd5 Nxd5 18. Nxd5 Bxd5 19. Be5 Bd6 20. Bxd6 Qxd6 21.
Rfd1 Qxf4 22. Bxa6 Qf6 23. Bd3 Qe7 24. Rc3 Qa3 25. Rc2 Rac8 26. Rxc8 Rxc8 27.
h3 Qe7 28. Bxh7+ Kxh7 29. Rxd5 Rc1+ 30. Rd1 Rc5 31. Qd3+ g6 32. Qd6 Qg5 33. Qd2
Rd5 1/2-1/2

[Event "Indywidualne Mistrzostwa Polski Mlodzikow do lat 10 - Chlopcy"]
[Site "Szklarska Poreba"]
[Date "1899-12-30"]
[Round "2.10"]
[White "Komendecki, Antoni"]
[Black "Uhryn, Lukasz"]
[Result "1/2-1/2"]
[WhiteTitle "II"]
[BlackTitle "II"]
[WhiteElo "1271"]
[BlackElo "1042"]

1. e4 c5 2. Nf3 e6 3. d4 cxd4 4. Nxd4 Nf6 5. Nc3 Nc6 6. g3 Bb4 7. Bg2 d5 8. exd5
Nxd5 9. Nxc6 bxc6 10. Bd2 Ba6 11. Nxd5 Bxd2+ 12. Qxd2 cxd5 13. Qb4 Qb6 14. Qxb6
axb6 15. b3 O-O 16. c4 Rfe8 17. Kd2 Rad8 18. cxd5 exd5 19. Rhe1 d4 20. Bc6 Rxe1
21. Rxe1 g6 22. Re8+ Rxe8 23. Bxe8 Kg7 24. a4 f5 25. b4 Kf6 26. b5 Bb7 27. Bc6
Bxc6 28. bxc6 Ke6 29. Kd3 Kd6 30. c7 Kxc7 31. Kxd4 Kd6 32. f3 g5 33. f4 g4 34.
Kc4 h5 35. Kb5 Kc7 36. Kb4 Kc6 37. Kc4 Kd6 1/2-1/2

[Event "Indywidualne Mistrzostwa Polski Mlodzikow do lat 10 - Chlopcy"]
[Site "Szklarska Poreba"]
[Date "1899-12-30"]
[Round "2.11"]
[White "Przybylski, Jan"]
[Black "Bochniak, Franciszek"]
[Result "1-0"]
[WhiteTitle "II"]
[BlackTitle "II"]
[WhiteElo "1140"]
[BlackElo "1263"]

1. e4 c5 2. Nf3 Nc6 3. d4 cxd4 4. Nxd4 g6 5. Be3 Bg7 6. Nc3 Nf6 7. Bc4 d6 8. f3
O-O 9. Qd2 a6 10. O-O-O Nxd4 11. Bxd4 Bd7 12. h4 h5 13. a3 Qa5 14. Be3 Kh7 15.
Nd5 Qxd2+ 16. Bxd2 Nxd5 17. Bxd5 Bc6 18. b3 Bxd5 19. exd5 Rfc8 20. Kb1 Bc3 21.
Rhe1 Bf6 22. Bg5 Bxg5 23. hxg5 Rc7 24. Rh1 Kg7 25. Rh2 Rh8 26. Rd4 f6 27. gxf6+
Kxf6 28. Rdh4 Rhc8 29. g4 hxg4 30. Rxg4 Rg8 31. Kb2 Rgc8 32. Rhg2 Rg8 33. a4 Rc5
34. c4 b5 35. Rf4+ Kg7 36. Re2 Re8 37. Re6 bxa4 38. bxa4 Kh6 39. Rfe4 Rec8 40.
Kb3 Rb8+ 41. Kc3 Rbc8 42. Kd3 Ra5 43. Rg4 Rxa4 44. Rexg6+ Kh7 45. Rg7+ Kh8 46.
R7g5 Ra3+ 47. Kd4 e5+ 48. dxe6 Rc7 49. Rh4+ Rh7 50. Rxh7+ Kxh7 51. e7 Ra2 52.
e8=Q Rd2+ 53. Kc3 1-0

[Event "Indywidualne Mistrzostwa Polski Mlodzikow do lat 10 - Chlopcy"]
[Site "Szklarska Poreba"]
[Date "1899-12-30"]
[Round "2.13"]
[White "Kozak, Karol"]
[Black "Liskiewicz, Jakub"]
[Result "0-1"]
[WhiteTitle "II"]
[BlackTitle "I"]
[WhiteElo "1133"]
[BlackElo "1260"]

1. e4 g6 2. d4 Bg7 3. Nc3 d6 4. f4 Nf6 5. Nf3 O-O 6. Bd3 Nbd7 7. e5 Ne8 8. Ng5
h6 9. Nf3 Nb6 10. O-O dxe5 11. fxe5 Bg4 12. Be4 c6 13. h3 Be6 14. Be3 Nc7 15.
Qc1 Kh7 16. h4 Nc4 17. Bf4 Bg4 18. Nh2 Qxd4+ 19. Kh1 Qd7 20. Nxg4 Qxg4 21. g3
Nxe5 22. Qe3 Qh3+ 23. Kg1 Ng4 24. Qe2 Bd4+ 25. Rf2 Bxf2+ 26. Qxf2 Nxf2 27. Kxf2
Nd5 28. Nxd5 cxd5 29. Bxd5 Rac8 30. c3 Qh2+ 31. Bg2 e5 32. Be3 b6 33. Rh1 Qxh1
34. Bxh1 f5 35. Bd5 e4 36. Bd4 g5 37. Be6 Rce8 38. Bd7 Re7 39. Bc6 f4 40. hxg5
hxg5 41. gxf4 gxf4 42. b4 e3+ 43. Ke2 f3+ 44. Bxf3 Rxf3 45. Kxf3 e2 46. Bf2 e1=Q
47. Bxe1 Rxe1 0-1

[Event "Indywidualne Mistrzostwa Polski Mlodzikow do lat 10 - Chlopcy"]
[Site "Szklarska Poreba"]
[Date "1899-12-30"]
[Round "2.16"]
[White "Zmarzly, Wiktor"]
[Black "Mulawa, Cyprian"]
[Result "0-1"]
[WhiteTitle "II"]
[BlackTitle "II"]
[WhiteElo "1226"]
[BlackElo "1449"]

1. c4 Nf6 2. Nc3 g6 3. e4 d6 4. f4 e5 5. d3 Bg7 6. Nf3 Nbd7 7. g3 O-O 8. Bg2 c6
9. Qe2 a5 10. O-O a4 11. Kh1 Re8 12. Be3 Qa5 13. Bd2 Qd8 14. Be3 a3 15. fxe5 axb2
16. Qxb2 Nxe5 17. Nxe5 dxe5 18. Rad1 Bg4 19. Rd2 Qe7 20. h3 Be6 21. Rb1 Qa3 22.
Qxa3 Rxa3 23. Rb3 Rxb3 24. axb3 Rd8 25. Na4 Nh5 26. Kh2 f5 27. Nc5 Bc8 28. Bg5
Bf6 29. Bxf6 Nxf6 30. exf5 gxf5 31. Re2 Re8 32. b4 Nd7 33. Nxd7 Bxd7 34. Kg1 Kf7
35. Bf3 Kf6 36. Kg2 Ra8 37. Rd2 Ra4 38. b5 Rb4 39. bxc6 Bxc6 40. Bxc6 bxc6 41.
Re2 Rb3 42. Rd2 Rc3 43. Kf2 Ke6 44. Ke3 c5 45. Re2 e4 46. Rd2 exd3 47. Rxd3 Rxc4
48. Rd8 Rc3+ 49. Kf4 h5 50. Rh8 h4 51. gxh4 Rxh3 52. Rh6+ Kd5 53. Rh8 c4 54. h5
c3 55. Rd8+ Kc4 56. Rc8+ Kb3 57. Rb8+ Ka2 58. Rc8 Kb2 59. Rb8+ Kc1 60. Rc8 c2
61. h6 Rxh6 62. Kf3 Rb6 63. Ke2 Kb2 64. Kd2 Rd6+ 65. Ke2 c1=Q 66. Rxc1 Kxc1 67.
Ke3 f4+ 68. Kf3 Kd2 69. Kxf4 Re6 70. Kf5 Re1 71. Kf6 Kd3 72. Kf7 Kd4 73. Kf8 Kd5
74. Kf7 Kd6 75. Kf8 Kd7 76. Kg7 Rf1 77. Kg6 Ke6 78. Kg5 Rf8 79. Kg4 Ke5 80. Kg3
Ke4 81. Kg2 Ke3 82. Kg1 Ke2 83. Kg2 Rg8+ 84. Kh3 Kf3 85. Kh4 Rg1 86. Kh5 Kf4 87.
Kh6 Kf5 88. Kh7 Kf6 89. Kh8 Kf7 90. Kh7 Rh1# 0-1

[Event "Indywidualne Mistrzostwa Polski Mlodzikow do lat 10 - Chlopcy"]
[Site "Szklarska Poreba"]
[Date "1899-12-30"]
[Round "2.17"]
[White "Zabrzanski, Marcin"]
[Black "Micula, Jakub"]
[Result "1-0"]
[WhiteTitle "II"]
[BlackTitle "II+"]
[WhiteElo "1013"]
[BlackElo "1357"]

1. e4 c5 2. Nf3 d6 3. c3 Nf6 4. Be2 Nc6 5. d4 cxd4 6. cxd4 Nxe4 7. d5 Qa5+ 8. Nc3
Nxc3 9. bxc3 Nb8 10. O-O Qxc3 11. Rb1 Qc7 12. Bb2 Bd7 13. Rc1 Qd8 14. Nd4 e5 15.
dxe6 fxe6 16. Bh5+ g6 17. Bf3 d5 18. Nxe6 Bxe6 19. Bxh8 Bd6 20. Re1 Kd7 21. Bg4
Bxh2+ 22. Kh1 Bf5 23. Qxd5+ Bd6 24. Qxb7+ Bc7 25. Rcd1# 1-0

[Event "Indywidualne Mistrzostwa Polski Mlodzikow do lat 10 - Chlopcy"]
[Site "Szklarska Poreba"]
[Date "1899-12-30"]
[Round "2.18"]
[White "Cichon, Aleksander"]
[Black "Nocek, Dominik"]
[Result "1-0"]
[WhiteTitle "III"]
[BlackTitle "II"]
[WhiteElo "1085"]
[BlackElo "1232"]

1. e4 e5 2. Nf3 Nc6 3. Nc3 Nf6 4. d4 exd4 5. Nxd4 Bb4 6. Nxc6 bxc6 7. Bd3 d5 8.
exd5 cxd5 9. O-O O-O 10. Bg5 c6 11. Qf3 Bd6 12. h3 Rb8 13. Rab1 Bd7 14. Ne2 h6
15. Bh4 Re8 16. b3 a5 17. Nd4 Be5 18. Nf5 Rb4 19. Rbe1 Rf4 20. Qg3 Rxf5 21. Bxf6
Qxf6 22. Qg4 h5 23. Qd1 Rf4 24. g3 Rb4 25. Qxh5 g6 26. Qh6 Qg7 27. Qg5 Bxh3 28.
f4 Bxf1 29. Kxf1 Qf6 30. Qxf6 Bxf6 31. Rxe8+ Kg7 32. Ra8 g5 33. fxg5 Bxg5 34.
Rxa5 Bd8 35. Ra4 Rxa4 36. bxa4 Kf6 37. c4 Ke5 38. cxd5 Kxd5 39. Bc2 Kc5 40. Kf2
Kb4 41. Ke3 Kc3 42. Bb3 f6 43. Ke4 c5 44. Kd5 Kb4 45. g4 1-0

[Event "Indywidualne Mistrzostwa Polski Mlodzikow do lat 10 - Chlopcy"]
[Site "Szklarska Poreba"]
[Date "1899-12-30"]
[Round "2.19"]
[White "Makuch, Tomasz"]
[Black "Dobrowolski, Kamil"]
[Result "1/2-1/2"]
[WhiteTitle "II"]
[BlackTitle "III"]
[WhiteElo "1098"]
[BlackElo "1006"]

1. e4 e5 2. Nf3 Nf6 3. Nxe5 d6 4. Nf3 Nxe4 5. d4 d5 6. Bd3 Bg4 7. O-O Bd6 8. Re1
f5 9. Nc3 c6 10. Bxe4 fxe4 11. Nxe4 O-O 12. Bg5 Bxf3 13. gxf3 Qd7 14. Nxd6 Qxd6
15. Qd3 Qg6 16. Qxg6 hxg6 17. Kg2 Rf5 18. h4 Nd7 19. Re7 Rf7 20. Rae1 Nf6 21.
Bxf6 gxf6 22. Rxf7 Kxf7 23. Kg3 a5 24. Re3 a4 25. Ra3 b5 26. Rc3 Rc8 27. a3 Ke7
28. b4 Kd7 29. Re3 Rg8 30. Kh3 Rh8 31. Kg4 Rh7 32. f4 Rh5 33. Rf3 f5+ 34. Kh3
Rh6 35. Rg3 Kc7 36. Rg5 Kb6 37. h5 Rh8 38. Kg3 gxh5 39. Rxf5 Kc7 40. Rf7+ Kd6
41. Rf6+ Kd7 42. Rg6 Rc8 43. f5 Ke7 44. Rh6 Kd7 45. f3 Rg8+ 46. Kf2 Rg5 47. f6
Rf5 48. Rh7+ Ke6 49. f7 Rxf7 50. Rxf7 Kxf7 51. Kg3 Kg7 52. f4 Kf6 53. Kg2 Kf5
54. Kf3 Kg6 1/2-1/2

[Event "Indywidualne Mistrzostwa Polski Mlodzikow do lat 10 - Chlopcy"]
[Site "Szklarska Poreba"]
[Date "1899-12-30"]
[Round "2.20"]
[White "Balis, Sebastian"]
[Black "Szreter, Marek"]
[Result "1-0"]
[WhiteTitle "II"]
[BlackTitle "II"]
[WhiteElo "1253"]
[BlackElo "1056"]

1. e4 c5 2. Nf3 d6 3. d4 cxd4 4. Nxd4 Nf6 5. Nc3 Nc6 6. Be3 e5 7. Nb3 a5 8. a4
Nb4 9. Bb5+ Bd7 10. f3 Be7 11. O-O O-O 12. Bxd7 Qxd7 13. Nb5 Qc6 14. c3 Na6 15.
Qe1 Nc7 16. Na3 Qxa4 17. Nd2 Qc6 18. Kh1 d5 19. Qg3 Qe6 20. h4 Nh5 21. Qh2 Qg6
22. g4 Nf4 23. Nc2 Nd3 24. b3 Qc6 25. c4 dxc4 26. Nxc4 Ne6 27. Ne1 Nxe1 28. Raxe1
f6 29. Rg1 Qb5 30. Rb1 a4 31. Nb6 Qd3 32. Qf2 Ra6 33. bxa4 Nd4 34. Rgd1 Qe2 35.
Bxd4 1-0

[Event "Indywidualne Mistrzostwa Polski Mlodzikow do lat 10 - Chlopcy"]
[Site "Szklarska Poreba"]
[Date "1899-12-30"]
[Round "2.21"]
[White "Futyma, Dawid"]
[Black "Zielonka, Adam"]
[Result "1-0"]
[WhiteTitle "II"]
[BlackTitle "II"]
[WhiteElo "1044"]
[BlackElo "1177"]

1. d4 d5 2. c4 e6 3. Nc3 Nf6 4. Bg5 Be7 5. Nf3 O-O 6. e3 b6 7. cxd5 exd5 8. Bd3
Bb7 9. O-O Nbd7 10. Qc2 h6 11. Bxf6 Nxf6 12. Rfe1 Re8 13. a3 a5 14. Re2 Bf8 15.
Rae1 Ba6 16. Bxa6 Rxa6 17. Nb5 Bd6 18. Rc1 Re7 19. Qd3 Ra8 20. Rec2 Ne8 21. Rc6
Rd7 22. Nxd6 Rxd6 23. Ne5 Rxc6 24. Nxc6 Qd6 25. Qf5 Qe6 26. Qxd5 Qxd5 27. Ne7+
Kf8 28. Nxd5 Ra7 29. g3 f5 30. Rc6 Kf7 31. Kg2 b5 32. b3 a4 33. b4 Rb7 34. Kf3
g6 35. Kf4 Kg7 36. Ke5 Kf7 37. Re6 Rb8 38. Ne7 Nd6 39. d5 Re8 40. Nc6 Nc4+ 41.
Kd4 Rxe6 42. Nd8+ Ke7 43. Nxe6 Kd6 44. f3 Nxa3 45. e4 Nc2+ 46. Kc3 Ne1 47. exf5
gxf5 48. f4 Kxd5 49. Nxc7+ Kc6 50. Ne6 Nf3 51. Nd4+ Kd5 52. Nxf3 Kc6 53. Nd4+
1-0

[Event "Indywidualne Mistrzostwa Polski Mlodzikow do lat 10 - Chlopcy"]
[Site "Szklarska Poreba"]
[Date "1899-12-30"]
[Round "2.22"]
[White "Trusewicz, Jakub"]
[Black "Adamala, Tomasz"]
[Result "1-0"]
[WhiteTitle "II"]
[BlackTitle "III"]
[WhiteElo "1136"]
[BlackElo "1036"]

1. e4 e5 2. Nf3 Nc6 3. Bc4 Bc5 4. b4 Bxb4 5. c3 Ba5 6. d4 d6 7. Qb3 Qd7 8. O-O
Nf6 9. dxe5 Nxe5 10. Nxe5 dxe5 11. Ba3 Nxe4 12. Rd1 Qf5 13. Bxf7+ Qxf7 14. Rd8+
Kxd8 15. Qxf7 Re8 16. Qd5+ Bd7 17. Qxe4 Bc6 18. Qd3+ Kc8 19. Nd2 e4 20. Qg3 e3
21. fxe3 Bb6 22. Re1 g6 23. Kh1 Rd8 24. Nc4 Bd5 25. Nxb6+ axb6 26. Be7 Re8 27.
Qh3+ Kb8 28. Qxh7 Rxa2 29. Rg1 Ka7 30. Bg5 Kb8 31. Bf4 Bc6 32. Qxc7+ Ka7 33. Be5
Rb2 34. c4 Re2 35. Ra1+ 1-0

[Event "Indywidualne Mistrzostwa Polski Mlodzikow do lat 10 - Chlopcy"]
[Site "Szklarska Poreba"]
[Date "1899-12-30"]
[Round "2.23"]
[White "Wichrowski, Krzysztof"]
[Black "Dunda, Szymon"]
[Result "1-0"]
[WhiteTitle "II"]
[BlackTitle "II"]
[WhiteElo "1134"]
[BlackElo "1030"]

1. e4 e5 2. Nf3 Nc6 3. Bb5 a6 4. Ba4 Bc5 5. c3 Nf6 6. O-O b5 7. Bb3 d6 8. Re1 O-O
9. d4 Bb6 10. Bg5 Bg4 11. Nbd2 exd4 12. cxd4 Bxd4 13. a3 Bxb2 14. Ra2 Bd4 15.
Qc2 Bc5 16. Bd5 Bd7 17. e5 dxe5 18. Qxc5 Qe8 19. Bxf6 gxf6 20. Ne4 Kg7 21. Rc2
Nd4 22. Nxd4 exd4 23. Qxd4 Rc8 24. Rce2 c6 25. Qxf6+ Kg8 26. Re3 Bg4 27. Rg3 h5
28. Qg5+ Kh8 29. Qh6+ Kg8 30. Nf6# 1-0

[Event "Indywidualne Mistrzostwa Polski Mlodzikow do lat 10 - Chlopcy"]
[Site "Szklarska Poreba"]
[Date "1899-12-30"]
[Round "2.24"]
[White "Wozniak, Mateusz"]
[Black "Wolski, Ernest"]
[Result "1/2-1/2"]
[WhiteTitle "II"]
[BlackTitle "II"]
[WhiteElo "1122"]
[BlackElo "1004"]

1. d4 f5 2. c4 Nf6 3. Nc3 e6 4. g3 h6 5. Bg2 Bb4 6. Bd2 Bxc3 7. Bxc3 d5 8. cxd5
Nxd5 9. e3 O-O 10. Ne2 b6 11. O-O Bb7 12. Qc2 Nd7 13. Rac1 N7f6 14. Rfd1 Rc8 15.
Qb3 Qe7 16. Rc2 a5 17. Rcd2 Rfd8 18. Nc1 Ba8 19. Nd3 Nxc3 20. bxc3 Bxg2 21. Kxg2
Qd6 22. Ne5 Ne4 23. Rd3 Qd5 24. Qxd5 Rxd5 25. c4 Rdd8 26. Nc6 Re8 27. Ne5 Rcd8
28. Nc6 Rd6 29. Ne5 Red8 30. f3 Nf6 31. Kf2 g5 32. Kg2 Nd7 33. Nxd7 R6xd7 34.
Kf2 c5 35. Ke2 Kf7 36. dxc5 Rxd3 37. Rxd3 Rxd3 38. Kxd3 bxc5 1/2-1/2

[Event "Indywidualne Mistrzostwa Polski Mlodzikow do lat 10 - Chlopcy"]
[Site "Szklarska Poreba"]
[Date "1899-12-30"]
[Round "2.25"]
[White "Karwot, Marek"]
[Black "Jaszczuk, Piotr"]
[Result "0-1"]
[WhiteTitle "III"]
[BlackTitle "II"]
[WhiteElo "1006"]
[BlackElo "1112"]

1. e4 e5 2. Nf3 Nc6 3. Bb5 a6 4. Bxc6 dxc6 5. O-O Qd6 6. d3 Be6 7. Be3 f6 8. Nbd2
c5 9. a3 b6 10. Qe2 g5 11. Rfb1 h5 12. c3 O-O-O 13. d4 g4 14. Qxa6+ Kb8 15. dxc5
bxc5 16. Qxd6 Bxd6 17. Ne1 f5 18. exf5 Bxf5 19. Rd1 Ne7 20. b4 cxb4 21. axb4 Nd5
22. Bg5 Nxc3 23. Bxd8 Rxd8 24. Nc4 Nxd1 25. Rxd1 Kc8 26. Nxd6+ Rxd6 27. Rxd6 cxd6
28. f3 Kb7 29. Kf2 Kb6 30. Ke3 d5 31. f4 d4+ 32. Kd2 exf4 33. Nd3 Bxd3 34. Kxd3
f3 35. gxf3 gxf3 36. Kd2 Kb5 37. Ke1 d3 0-1

[Event "Indywidualne Mistrzostwa Polski Mlodzikow do lat 10 - Chlopcy"]
[Site "Szklarska Poreba"]
[Date "1899-12-30"]
[Round "3.1"]
[White "Warchol, Kamil"]
[Black "Klim, Juliusz"]
[Result "1-0"]
[WhiteTitle "CM"]
[BlackTitle "II"]
[WhiteElo "1622"]
[BlackElo "1239"]

1. e4 e5 2. Nf3 Nc6 3. Bc4 Bc5 4. d3 Nf6 5. c3 d6 6. O-O O-O 7. Re1 Be6 8. Bxe6
fxe6 9. b4 Bb6 10. a4 a6 11. Nbd2 d5 12. Ba3 Rf7 13. Qe2 Nd7 14. Ra2 Ne7 15. c4
Ng6 16. c5 Ba7 17. d4 Nf4 18. Qf1 exd4 19. g3 dxe4 20. Rxe4 Nd5 21. Rxe6 Nf8 22.
Re1 Nc3 23. Rc2 Nxa4 24. Qc4 Qf6 25. Qxd4 Qxd4 26. Nxd4 Rd8 27. N2f3 Ng6 28. Bc1
Rfd7 29. Be3 Ne7 30. Bg5 Re8 31. Nf5 Kf8 32. Rce2 Nc3 33. Rxe7 Rdxe7 34. Rxe7
Rxe7 35. Bxe7+ Kf7 36. Bg5 b6 37. cxb6 Bxb6 38. Be3 Nd5 39. Bd2 c5 40. Nd6+ Ke6
41. Nc8 cxb4 42. Nxb6 Nxb6 43. Bxb4 Kd5 44. Kf1 Nc4 45. Ke2 a5 46. Bc3 g6 47.
Kd3 a4 48. Nd2 Nxd2 49. Kxd2 Ke4 50. Ke2 g5 51. f3+ Kf5 52. Ke3 h5 53. h3 g4 54.
hxg4+ hxg4 55. f4 a3 56. Bd4 a2 57. Ba1 1-0

[Event "Indywidualne Mistrzostwa Polski Mlodzikow do lat 10 - Chlopcy"]
[Site "Szklarska Poreba"]
[Date "1899-12-30"]
[Round "3.2"]
[White "Hryniewicz, Maciej"]
[Black "Wielgus, Wojciech"]
[Result "0-1"]
[WhiteTitle "II"]
[BlackTitle "I"]
[WhiteElo "1133"]
[BlackElo "1572"]

1. e4 c5 2. Nf3 d6 3. c3 Nf6 4. Be2 Nbd7 5. d3 g6 6. Bg5 Bg7 7. Nbd2 b6 8. d4 cxd4
9. cxd4 Bb7 10. Bd3 O-O 11. O-O Rc8 12. Rc1 Rxc1 13. Qxc1 Qa8 14. Re1 Rc8 15.
Qd1 a6 16. Qb3 e6 17. Bxf6 Bxf6 18. Nc4 Rc6 19. a4 Qb8 20. e5 dxe5 21. Nfxe5 Nxe5
22. dxe5 Bg7 23. Be4 Rc5 24. Bxb7 Qxb7 25. f4 Qd5 26. Qxb6 Qxc4 27. Rf1 Qd4+ 28.
Kh1 Bf8 29. Qxa6 Qxb2 30. h3 Qb4 31. Ra1 Qxf4 32. Qa8 Qxe5 33. Rf1 Rc7 34. a5
Qc5 35. a6 Ra7 36. Qe8 Qa5 37. Rd1 Qxa6 38. Qd8 Qe2 39. Rg1 Ra2 40. Qc8 Qc2 41.
Qd8 Ra3 42. Qe8 Qf5 43. Kh2 Kg7 44. Qd8 Qe5+ 45. Kh1 Bd6 46. g3 Qd5+ 47. Rg2 Rxg3
48. Qa8 Qxa8 49. Kh2 Qxg2# 0-1

[Event "Indywidualne Mistrzostwa Polski Mlodzikow do lat 10 - Chlopcy"]
[Site "Szklarska Poreba"]
[Date "1899-12-30"]
[Round "3.3"]
[White "Bartodziej, Bartosz"]
[Black "Glaz, Michal"]
[Result "1/2-1/2"]
[WhiteTitle "II+"]
[BlackTitle "II"]
[WhiteElo "1539"]
[BlackElo "1174"]

1. e4 c5 2. Nf3 d6 3. d4 cxd4 4. Nxd4 Nf6 5. Nc3 e6 6. Be2 a6 7. O-O Be7 8. Be3
O-O 9. Qd2 Qc7 10. Rad1 b5 11. a3 Bb7 12. f3 Nbd7 13. a4 bxa4 14. Nxa4 Rac8 15.
c4 Ne5 16. Rc1 Nfd7 17. Rfd1 Nc6 18. Nxc6 Bxc6 19. Nc3 Bb7 20. b4 Nb6 21. Qd4
Nd7 22. c5 Bf6 23. Qxd6 Qxd6 24. Rxd6 Ne5 25. Bxa6 Bxa6 26. Rxa6 Nd3 27. Rd1 Nxb4
28. Rb6 Bxc3 29. Rc1 Na2 30. Rc2 Ra8 31. c6 Bf6 32. Bc5 Rfd8 33. c7 Rdc8 34. f4
Rxc7 35. Rxa2 Rac8 36. Be3 Rc3 37. Kf2 Be7 38. Rba6 g6 39. Ra8 Bf8 40. Rxc8 Rxc8
41. f5 exf5 42. exf5 Bc5 43. f6 Bxe3+ 44. Kxe3 h5 45. Kf4 Rc4+ 46. Kf3 Rc6 47.
g4 Rxf6+ 48. Kg3 hxg4 49. Kxg4 Kg7 50. h4 Rb6 51. Rc2 Rb4+ 52. Kg3 f5 53. Rc6
Kh6 54. Rc8 Rb3+ 55. Kg2 Kh5 56. Rc4 g5 57. hxg5 Kxg5 58. Kf2 1/2-1/2